| 000 | 00669nam a2200193Ia 4500 | ||
|---|---|---|---|
| 003 | GCL | ||
| 005 | 20240530103848.0 | ||
| 008 | 140319s9999 xx 000 0 ara d | ||
| 040 |
_aGCL / _cGCL |
||
| 082 | 0 | 4 |
_a810.972 _bع ص |
| 100 | 0 | _aعبدالحميد حسن | |
| 245 | 1 | 0 |
_aصفحات من الادب المصرى : من العصر الفاطمى الى النهضة الحديثة / _cعبدالحميد حسن |
| 300 | _a223 ص | ||
| 490 |
_aكتاب _v0 |
||
| 650 | 0 | 4 | _aالادب العربى - العصر المملوكى |
| 650 | 0 | 4 | _aالادب العربى - العصر الفاطمى |
| 650 | 0 | 4 | _aالادب العربى - مصر |
| 942 |
_2ddc _cBK |
||
| 999 |
_c43054 _d43054 |
||